000 00948cpcaa2200265 4500
001 mm 82019158
003 DLC
005 20260227111713.0
008 820309|||||||||||| eng
010 _amm 82019158
040 _aDLC
_cDLC
_edacs
_dDLC
072 7 _aL
_2lcmd
100 1 _aDunlap, Katharine.
245 0 0 _aKatharine Dunlap literary manuscripts,
_fundated.
300 _a9
_fitems.
300 _a2
_fcontainers.
506 0 _aOpen to research.
520 8 _aTypescripts with annotations and galley proofs of "The Glory And the Dream," "Once There Was a Village," "And Ride Forth Singing,"and "Twice the New Moon."
545 0 _aAuthor.
546 _aCollection material in English.
650 0 _aLiterature.
656 7 _aAuthors.
_2itoamc
999 _c43498
_d43498